| 000 | 00690nam a2200205 u 4500 | ||
|---|---|---|---|
| 005 | 20240320100241.0 | ||
| 008 | 100707s19972002 r 000 0 eng d | ||
| 020 | _a9706542019 | ||
| 035 | _aUPN01000177195 | ||
| 049 | _aCG | ||
| 050 | 4 |
_aBX1740 M6 _bM5.4 |
|
| 100 | 1 |
_aMeza González, Javier _940419 |
|
| 245 | 1 | 3 |
_aEl laberinto de la mentira : _bGuillén de Lamporte y la inquisición / _cJavier Meza González. |
| 260 |
_aMéxico : _bEdiciones Sin Nombre : _bUAM-Xochimilco, _c1997 (2002 impr.). |
||
| 300 |
_a283 p. : _bil. |
||
| 440 | 0 | _aRescate | |
| 650 | 4 |
_aInquisición _zMéxico _xHistoria _ySiglo XVII _917403 |
|
| 600 | 1 | 4 |
_aLAMPORT, GUILLEN DE, _d1615-1659 _917404 |
| 905 | _aLibro | ||
| 999 |
_c149298 _d149298 |
||